书目信息 |
| 题名: |
当时只道是寻常
|
|
| 作者: | 纳兰性德, 著 ;泉凌波 , 聂小晴 编 | |
| 分册: | ||
| 出版信息: | 长春 吉林出版集团股份有限公司 2018 |
|
| 页数: | 241页 | |
| 开本: | 21cm | |
| 丛书名: | ||
| 单 册: | ||
| 中图分类: | K825.6=49 , I207.23 | |
| 科图分类: | ||
| 主题词: | 作家--zuo jia--传记--中国--清代 | |
| 电子资源: | ||
| ISBN: | 978-7-5581-5772-1 | |
| 000 | 01385nam0 2200313 450 | |
| 001 | 012001008257 | |
| 005 | 20130122133250.0 | |
| 010 | @a978-7-5581-5772-1@dCNY38.00 | |
| 099 | @aCAL 012019006748 | |
| 100 | @a20181101d2018 em y0chiy50 ea | |
| 101 | 0 | @achi |
| 102 | @aCN@b220000 | |
| 105 | @ay z 000yb | |
| 106 | @ar | |
| 200 | 1 | @a当时只道是寻常@Adang shi zhi dao shi xun chang@e纳兰性德词传@f(清) 纳兰性德著@g泉凌波, 聂小晴编 |
| 210 | @a长春@c吉林出版集团股份有限公司@d2018 | |
| 215 | @a241页@d21cm | |
| 330 | @a本书分为“纳兰性德传词传”和“纳兰性德词作赏析”两部分, 第一部分以纳兰性德的生平为主线, 从出身、仕途、情感、友人等方面, 将纳兰性德的一生细细道来, 为读者呈现出一个鲜活的纳兰性德。第二部分词作内容包括婚姻爱情、友谊分离、家庭思索、边塞江南、咏物咏史及杂感等方面。其词作有着浓厚的文化底蕴, 还有其自身所带有的不羁、无拘无束的风格, 令词风清新自由, 不拘于一格。 | |
| 517 | 1 | @a纳兰性德词传@Ana lan xing de ci zhuan |
| 600 | 0 | @a纳兰性德,@Ana lan xing de@f1654-1685@x传记 |
| 600 | 0 | @a纳兰性德,@Ana lan xing de@f1654-1685@x词 (文学)@x诗歌欣赏 |
| 606 | 0 | @a作家@Azuo jia@x传记@y中国@z清代 |
| 690 | @aK825.6=49@v5 | |
| 690 | @aI207.23@v5 | |
| 701 | 0 | @a纳兰性德,@Ana lan xing de@f1655-1685@4著 |
| 702 | 0 | @a泉凌波@Aquan ling bo@4编 |
| 702 | 0 | @a聂小晴@Anie xiao qing@4编 |
| 801 | 0 | @aCN@b上海新华@c20191020 |
| 905 | @b1134613-5@dK825.6=49@e1246@f3 | |
| 当时只道是寻常:纳兰性德词传/(清) 纳兰性德著/泉凌波, 聂小晴编.-长春:吉林出版集团股份有限公司,2018 |
| 241页;21cm |
| ISBN 978-7-5581-5772-1:CNY38.00 |
| 本书分为“纳兰性德传词传”和“纳兰性德词作赏析”两部分, 第一部分以纳兰性德的生平为主线, 从出身、仕途、情感、友人等方面, 将纳兰性德的一生细细道来, 为读者呈现出一个鲜活的纳兰性德。第二部分词作内容包括婚姻爱情、友谊分离、家庭思索、边塞江南、咏物咏史及杂感等方面。其词作有着浓厚的文化底蕴, 还有其自身所带有的不羁、无拘无束的风格, 令词风清新自由, 不拘于一格。 |
| ● |
| 相关链接 |
|
|
|
|
正题名:当时只道是寻常
索取号:K825.6=49/1246
 
预约/预借
| 序号 | 登录号 | 条形码 | 馆藏地/架位号 | 状态 | 备注 |
| 1 | 1134613 | 211346131 | 第二样本阅览室/ [索取号:K825.6=49/1246] | 在馆 | |
| 2 | 1134614 | 211346140 | 第二借阅区/ [索取号:K825.6=49/1246] | 在馆 | |
| 3 | 1134615 | 211346159 | 第二借阅区/ [索取号:K825.6=49/1246] | 在馆 |